[Event "23. Open de Moratalaz 2010"]
[Site "Madrid ESP"]
[Date "2010.09.16"]
[Round "1.1"]
[White "Muñoz Manzano, Jose M."]
[Black "Gomez Garrido, Camilo"]
[Result "0-1"]
[WhiteElo "1830"]
[BlackElo "2514"]
[PlyCount "162"]
[EventDate "2010.09.16"]
[EventType "swiss"]
[EventRounds "9"]
[EventCountry "ESP"]
[Source "lmi"]
[SourceDate "2010.09.16"]

1. d4 d5 2. c4 c6 3. Nf3 Nf6 4. Nc3 a6 5. e3 b5 6. cxb5 cxb5 7. Qb3 e6 8. Bd3
Bd6 9. O-O Bb7 10. Ne5 Bxe5 11. dxe5 Nfd7 12. f4 Nc5 13. Qc2 Nbd7 14. b4 Nxd3
15. Qxd3 O-O 16. Ne2 Rc8 17. Bb2 Rc4 18. Rfc1 Qb6 19. Nd4 Rfc8 20. a3 Qd8 21.
Nb3 Nf8 22. Na5 Qb6 23. Nxc4 dxc4 24. Bd4 Qc6 25. Qe2 Ng6 26. Qf3 Qd7 27. Qg4
Be4 28. Rd1 Qb7 29. Bc5 c3 30. Rac1 c2 31. Rd2 h6 32. Rcxc2 Bxc2 33. Rxc2 Qe4
34. Qe2 Rd8 35. Bd6 f6 36. Rd2 fxe5 37. fxe5 Nxe5 38. Bxe5 Rxd2 39. Qxd2 Qxe5
40. Qd3 Kf7 41. Qd7+ Kg6 42. Qd3+ Qf5 43. Qc3 Qe4 44. h3 h5 45. Kf2 h4 46. Qc8
Qf5+ 47. Ke2 Qd5 48. Qe8+ Kh7 49. Ke1 Qe5 50. Ke2 Qf5 51. Ke1 e5 52. Qe7 Qb1+
53. Ke2 Qc2+ 54. Ke1 Qxg2 55. Qxh4+ Kg6 56. Qh8 Qc6 57. Qh4 Qf3 58. Kd2 Qd5+
59. Ke1 Qg2 60. Qh8 Kf7 61. Qh5+ Kf6 62. Qh8 Ke7 63. Qh4+ Ke6 64. Qh8 Kd7 65.
Qh5 Kd6 66. Qf5 Qb2 67. Qf8+ Kd5 68. Qf3+ Kc4 69. Qc6+ Kd3 70. Qg6+ Kxe3 71.
Qg3+ Kd4 72. Qg4+ Kc3 73. Qf3+ Kc4 74. Qc6+ Kb3 75. Qxa6 Qxa3 76. Qe6+ Kxb4 77.
Qd6+ Kb3 78. Qxe5 Qc1+ 79. Ke2 Qb2+ 80. Qxb2+ Kxb2 81. Kd3 b4 0-1

[Event "23. Open de Moratalaz 2010"]
[Site "Madrid ESP"]
[Date "2010.09.16"]
[Round "1.2"]
[White "Moreno Ruiz, Javier"]
[Black "Galan Aguado, Fernando"]
[Result "1-0"]
[WhiteElo "2491"]
[BlackElo "1823"]
[PlyCount "59"]
[EventDate "2010.09.16"]
[EventType "swiss"]
[EventRounds "9"]
[EventCountry "ESP"]
[Source "lmi"]
[SourceDate "2010.09.16"]

1. e4 e6 2. d4 d5 3. e5 c5 4. c3 Nc6 5. Nf3 Bd7 6. Be2 Qb6 7. O-O cxd4 8. cxd4
Nh6 9. Nc3 a6 10. Na4 Qa7 11. Bxh6 gxh6 12. Rc1 Bg7 13. Nc5 Rd8 14. Qb3 Bc8 15.
Nxa6 O-O 16. Nc5 f6 17. Bb5 Na5 18. Qa4 Qb6 19. Rfe1 fxe5 20. Nxe5 Bxe5 21.
Rxe5 Rd6 22. b4 Nc6 23. Bxc6 Rxc6 24. b5 Rc7 25. Qb4 Qd6 26. Qd2 Rcf7 27. Qxh6
Rf6 28. Rg5+ Kf7 29. Qxh7+ Ke8 30. Ne4 1-0

[Event "23. Open de Moratalaz 2010"]
[Site "Madrid ESP"]
[Date "2010.09.16"]
[Round "1.3"]
[White "Nieto Esteban, Manuel"]
[Black "Roa Alonso, Santiago"]
[Result "0-1"]
[WhiteElo "1823"]
[BlackElo "2454"]
[PlyCount "62"]
[EventDate "2010.09.16"]
[EventType "swiss"]
[EventRounds "9"]
[EventCountry "ESP"]
[Source "lmi"]
[SourceDate "2010.09.16"]

1. e4 d6 2. d4 Nf6 3. Nc3 g6 4. Bc4 Bg7 5. Nge2 O-O 6. O-O Nc6 7. f3 e5 8. Be3
exd4 9. Nxd4 Ne5 10. Be2 a6 11. a4 c5 12. Nb3 Be6 13. Nd5 Bxd5 14. exd5 c4 15.
f4 cxb3 16. fxe5 bxc2 17. Qxc2 Nxd5 18. Bd2 dxe5 19. Qb3 e4 20. Rad1 Qb6+ 21.
Qxb6 Nxb6 22. a5 Na4 23. b3 Nb2 24. Rc1 Rfd8 25. Be3 Rac8 26. Bb6 Rxc1 27. Rxc1
Bd4+ 28. Bxd4 Rxd4 29. Kf2 Nd3+ 30. Bxd3 Rxd3 31. b4 Rd4 0-1

[Event "23. Open de Moratalaz 2010"]
[Site "Madrid ESP"]
[Date "2010.09.16"]
[Round "1.4"]
[White "Arribas Lopez, Angel"]
[Black "Carrera Cabañeros, Francisco"]
[Result "1-0"]
[WhiteElo "2454"]
[BlackElo "1820"]
[PlyCount "73"]
[EventDate "2010.09.16"]
[EventType "swiss"]
[EventRounds "9"]
[EventCountry "ESP"]
[Source "lmi"]
[SourceDate "2010.09.16"]

1. e4 e5 2. Nf3 Nc6 3. Bb5 d6 4. O-O Nf6 5. Re1 Be7 6. c3 O-O 7. d3 Bg4 8. h3
Bd7 9. Nbd2 Qc8 10. Nf1 Re8 11. Ng3 a6 12. Ba4 b5 13. Bc2 h6 14. d4 Bf8 15. Be3
Rb8 16. b3 Nh7 17. Rc1 f6 18. Qd2 Ng5 19. Nh2 Ne7 20. b4 Rd8 21. Bb3+ Be6 22.
d5 Bd7 23. c4 Qb7 24. c5 Be8 25. Rc3 Kh8 26. c6 Qa8 27. Rcc1 a5 28. bxa5 b4 29.
Rc4 Qxa5 30. a4 Nc8 31. Rb1 Nb6 32. Rxb4 Ra8 33. Bc2 Bg6 34. h4 Nh7 35. Qe2 Be8
36. Rxb6 cxb6 37. Bxb6 1-0

[Event "23. Open de Moratalaz 2010"]
[Site "Madrid ESP"]
[Date "2010.09.16"]
[Round "1.5"]
[White "Canseco Arenas, Alfonso"]
[Black "Gomez Ledo, Roberto Carlos"]
[Result "0-1"]
[WhiteElo "1815"]
[BlackElo "2453"]
[PlyCount "64"]
[EventDate "2010.09.16"]
[EventType "swiss"]
[EventRounds "9"]
[EventCountry "ESP"]
[Source "lmi"]
[SourceDate "2010.09.16"]

1. a3 d5 2. g3 e5 3. Bg2 Nf6 4. d3 Be7 5. Nf3 Nbd7 6. O-O O-O 7. c4 d4 8. b4 a5
9. b5 Re8 10. Nbd2 Bf8 11. Qc2 a4 12. Bb2 Nc5 13. Ng5 Bf5 14. Nge4 Nfxe4 15.
dxe4 Bg6 16. h4 Qd7 17. f3 f6 18. Kh2 Rad8 19. Rad1 d3 20. exd3 Qxd3 21. Qxd3
Nxd3 22. Bc3 Bxa3 23. Ra1 Bb2 24. Bxb2 Nxb2 25. Nb1 Rd4 26. Rf2 Nd3 27. Rd2 Nc5
28. Rxd4 exd4 29. Nd2 f5 30. exf5 Bxf5 31. Kg1 Nb3 32. Nxb3 axb3 0-1

[Event "23. Open de Moratalaz 2010"]
[Site "Madrid ESP"]
[Date "2010.09.16"]
[Round "1.6"]
[White "Almagro Llamas, Pablo"]
[Black "Morona Minguez, Irene"]
[Result "1-0"]
[WhiteElo "2451"]
[BlackElo "1815"]
[PlyCount "35"]
[EventDate "2010.09.16"]
[EventType "swiss"]
[EventRounds "9"]
[EventCountry "ESP"]
[Source "lmi"]
[SourceDate "2010.09.16"]

1. e4 c5 2. Nf3 e6 3. d4 cxd4 4. Nxd4 Nc6 5. Nc3 a6 6. Be3 Nf6 7. f3 Qc7 8. Qd2
Bb4 9. g4 h6 10. a3 Ba5 11. Nb3 Ne5 12. Be2 Nexg4 13. fxg4 Nxe4 14. Qd4 Nxc3
15. Nxa5 Nxe2 16. Qxg7 Rf8 17. Bxh6 Qxa5+ 18. b4 1-0

[Event "23. Open de Moratalaz 2010"]
[Site "Madrid ESP"]
[Date "2010.09.16"]
[Round "1.7"]
[White "Suarez Prieto, Leopoldo"]
[Black "Guerra Mendez, Jose Angel"]
[Result "0-1"]
[WhiteElo "1815"]
[BlackElo "2448"]
[PlyCount "82"]
[EventDate "2010.09.16"]
[EventType "swiss"]
[EventRounds "9"]
[EventCountry "ESP"]
[Source "lmi"]
[SourceDate "2010.09.16"]

1. e4 c5 2. f4 e6 3. Bc4 Nc6 4. a4 g6 5. Nf3 Bg7 6. O-O d6 7. c3 Nge7 8. d3 O-O
9. Be3 b6 10. Qe2 d5 11. Ba2 Ba6 12. exd5 exd5 13. Na3 Nf5 14. Qd2 d4 15. cxd4
Nxe3 16. Qxe3 Nxd4 17. Qd2 Nxf3+ 18. Rxf3 Qd4+ 19. Rf2 Qxa4 20. Nc2 Qd7 21.
Bxf7+ Rxf7 22. Rxa6 Bxb2 23. Ra2 Bg7 24. h4 Qg4 25. Ra4 Qxh4 26. Re4 Qd8 27.
Rf3 Qd7 28. Qe1 Raf8 29. Qh4 Qd8 30. Qh3 Qd5 31. g4 b5 32. Kh1 c4 33. Ne3 Qxd3
34. Re6 Rxf4 35. Rxf4 Rxf4 36. g5 Qb1+ 37. Kg2 Qb2+ 38. Kh1 Qc1+ 39. Kg2 Qd2+
40. Kh1 Qe1+ 41. Kh2 Rh4 0-1

[Event "23. Open de Moratalaz 2010"]
[Site "Madrid ESP"]
[Date "2010.09.16"]
[Round "1.8"]
[White "Garrido Dominguez, Jesus"]
[Black "Gomez Lietor, Andres Miguel"]
[Result "1-0"]
[WhiteElo "2410"]
[BlackElo "1812"]
[PlyCount "27"]
[EventDate "2010.09.16"]
[EventType "swiss"]
[EventRounds "9"]
[EventCountry "ESP"]
[Source "lmi"]
[SourceDate "2010.09.16"]

1. e4 e6 2. d4 Nf6 3. Nd2 d5 4. e5 Nfd7 5. Bd3 c5 6. c3 Nc6 7. Ne2 Be7 8. O-O
O-O 9. Nf3 f6 10. exf6 Bxf6 11. Nf4 Qb6 12. Nxe6 Re8 13. Bxh7+ Kxh7 14. Nfg5+
1-0

[Event "23. Open de Moratalaz 2010"]
[Site "Madrid ESP"]
[Date "2010.09.16"]
[Round "1.9"]
[White "Perez Sempere, Alberto"]
[Black "Hernando Pertierra, Jose Carlos"]
[Result "0-1"]
[WhiteElo "1809"]
[BlackElo "2386"]
[PlyCount "38"]
[EventDate "2010.09.16"]
[EventType "swiss"]
[EventRounds "9"]
[EventCountry "ESP"]
[Source "lmi"]
[SourceDate "2010.09.16"]

1. e4 g6 2. d4 Bg7 3. Nf3 c6 4. a4 d5 5. Nc3 Nh6 6. Be2 f6 7. Bf4 Nf7 8. O-O
O-O 9. Qd2 e5 10. Bg3 Bh6 11. Qd1 dxe4 12. Nd2 f5 13. Bxe5 Nxe5 14. dxe5 Qxd2
15. Bc4+ Kg7 16. Qxd2 Bxd2 17. Ne2 Na6 18. Rfd1 e3 19. Ra3 f4 0-1

[Event "23. Open de Moratalaz 2010"]
[Site "Madrid ESP"]
[Date "2010.09.16"]
[Round "1.10"]
[White "Taboas Rodriguez, Daniel"]
[Black "Diaz Begonte, Manuel"]
[Result "1/2-1/2"]
[WhiteElo "2381"]
[BlackElo "1789"]
[PlyCount "102"]
[EventDate "2010.09.16"]
[EventType "swiss"]
[EventRounds "9"]
[EventCountry "ESP"]
[Source "lmi"]
[SourceDate "2010.09.16"]

1. d4 d5 2. c4 c6 3. cxd5 Qxd5 4. Nc3 Qa5 5. e4 Nf6 6. Bd3 e6 7. Nf3 Be7 8. O-O
Nbd7 9. Bg5 h6 10. Bh4 g5 11. Bg3 Nh5 12. Re1 Nxg3 13. hxg3 e5 14. Bc4 exd4 15.
Qxd4 O-O 16. e5 Nc5 17. Ne4 Ne6 18. Qe3 Qb6 19. Qe2 Nd4 20. Nxd4 Qxd4 21. Nc3
Bg4 22. Qe4 Qxe4 23. Nxe4 Kg7 24. f3 Bf5 25. g4 Bxe4 26. Rxe4 b5 27. Bb3 c5 28.
Rae1 c4 29. Bc2 Bc5+ 30. Kf1 Rfe8 31. g3 Rad8 32. f4 Rd2 33. R1e2 Rxe2 34. Kxe2
Rd8 35. e6 Re8 36. exf7 Rxe4+ 37. Bxe4 Kxf7 38. Bc6 a6 39. Bb7 a5 40. Ba6 b4
41. Bxc4+ Kf6 42. Kf3 a4 43. Bb5 a3 44. b3 Bd6 45. Ke4 Bf8 46. Kd5 Be7 47. Kc6
Bf8 48. Be2 Be7 49. Kd7 Bf8 50. Bf3 Be7 51. Kc6 Bf8 1/2-1/2

[Event "23. Open de Moratalaz 2010"]
[Site "Madrid ESP"]
[Date "2010.09.17"]
[Round "2.1"]
[White "Gomez Garrido, Camilo"]
[Black "Lopez Heras , Arturo"]
[Result "1/2-1/2"]
[WhiteElo "2514"]
[BlackElo "2013"]
[PlyCount "84"]
[EventDate "2010.09.16"]
[EventType "swiss"]
[EventRounds "9"]
[EventCountry "ESP"]
[Source "lmi"]
[SourceDate "2010.09.16"]

1. e4 e5 2. Nf3 Nc6 3. Bb5 f5 4. Nc3 fxe4 5. Nxe4 Nf6 6. Nxf6+ Qxf6 7. O-O Bc5
8. Bxc6 dxc6 9. Nxe5 Bd4 10. Nf3 Bg4 11. Qe1+ Kd7 12. Qe4 Bxf3 13. Qxf3 Qxf3
14. gxf3 Rhf8 15. c3 Bb6 16. Kg2 Rf6 17. d4 Raf8 18. f4 c5 19. dxc5 Bxc5 20.
Be3 Bd6 21. Rad1 Kc8 22. Rd4 Bxf4 23. Bxf4 Rxf4 24. Rxf4 Rxf4 25. Kg3 Rf6 26.
f4 Kd7 27. h4 h5 28. Kf3 Ke7 29. Rg1 Kf7 30. Rg5 g6 31. Rc5 c6 32. Ra5 a6 33.
Ra3 Rd6 34. c4 Kf6 35. Rb3 Rd7 36. Re3 Rd1 37. Rb3 Rd7 38. a4 Kf5 39. Re3 Kf6
40. a5 Rd1 41. Ke4 Rd7 42. Rg3 Rd2 1/2-1/2

[Event "23. Open de Moratalaz 2010"]
[Site "Madrid ESP"]
[Date "2010.09.17"]
[Round "2.2"]
[White "Avendaño Mateos, Jose"]
[Black "Moreno Ruiz, Javier"]
[Result "0-1"]
[WhiteElo "1992"]
[BlackElo "2491"]
[PlyCount "62"]
[EventDate "2010.09.16"]
[EventType "swiss"]
[EventRounds "9"]
[EventCountry "ESP"]
[Source "lmi"]
[SourceDate "2010.09.16"]

1. d4 Nf6 2. Bf4 c5 3. e3 d5 4. c3 Nc6 5. Bd3 Qb6 6. Qc1 Bg4 7. h3 Bh5 8. Nf3
Bxf3 9. gxf3 Rc8 10. dxc5 Qxc5 11. Nd2 e5 12. Nb3 Qb6 13. Bg3 Be7 14. O-O O-O
15. Bf5 Rcd8 16. f4 Nh5 17. Bh2 exf4 18. Bg4 Nf6 19. Bxf4 Nxg4 20. hxg4 Bd6 21.
Kg2 Rfe8 22. Bg5 f6 23. Bh4 Ne5 24. Qd1 Ng6 25. Rh1 Bb8 26. Qf3 Re4 27. Qh3 h5
28. Bg3 Bxg3 29. Qxh5 Nf4+ 30. exf4 Qxf2+ 31. Kh3 Bxf4 0-1

[Event "23. Open de Moratalaz 2010"]
[Site "Madrid ESP"]
[Date "2010.09.17"]
[Round "2.3"]
[White "Roa Alonso, Santiago"]
[Black "Madurga Lopez, Ignacio"]
[Result "1-0"]
[WhiteElo "2454"]
[BlackElo "2010"]
[PlyCount "65"]
[EventDate "2010.09.16"]
[EventType "swiss"]
[EventRounds "9"]
[EventCountry "ESP"]
[Source "lmi"]
[SourceDate "2010.09.16"]

1. e4 c5 2. Nf3 d6 3. d4 cxd4 4. Nxd4 Nf6 5. Nc3 a6 6. Bg5 e6 7. f4 Qc7 8. Bxf6
gxf6 9. Qh5 Qc5 10. Qxc5 dxc5 11. Nb3 b5 12. a4 b4 13. Nb1 Bb7 14. N1d2 Nc6 15.
Bd3 O-O-O 16. O-O Nd4 17. Nxd4 cxd4 18. Nc4 Rg8 19. Na5 Bc5 20. Nxb7 Kxb7 21.
Rf3 Rg4 22. Raf1 Rdg8 23. R1f2 Bf8 24. Rh3 h6 25. Kf1 Rh8 26. Rh5 Kb6 27. g3
Bd6 28. e5 Be7 29. exf6 Bxf6 30. a5+ Kb7 31. Rc5 Be7 32. Be4+ Kb8 33. Rc6 1-0

[Event "23. Open de Moratalaz 2010"]
[Site "Madrid ESP"]
[Date "2010.09.17"]
[Round "2.4"]
[White "Dominguez Lorenzo, Pablo Socrates"]
[Black "Arribas Lopez, Angel"]
[Result "0-1"]
[WhiteElo "1965"]
[BlackElo "2454"]
[PlyCount "94"]
[EventDate "2010.09.16"]
[EventType "swiss"]
[EventRounds "9"]
[EventCountry "ESP"]
[Source "lmi"]
[SourceDate "2010.09.16"]

1. e4 c5 2. c3 g6 3. d4 cxd4 4. cxd4 d5 5. e5 Bg7 6. Nf3 Nc6 7. Bd3 Bg4 8. Qa4
Bxf3 9. gxf3 Qb6 10. Bb5 Nh6 11. Nc3 Rd8 12. Be3 O-O 13. O-O-O Nf5 14. Ne2 f6
15. f4 Bh6 16. Rd3 fxe5 17. fxe5 Nxe3 18. fxe3 Nxe5 19. dxe5 a6 20. Bd7 Qc7+
21. Rc3 Qxd7 22. Qxd7 Rxd7 23. Nd4 Re8 24. e6 Rd6 25. Kd2 Bg7 26. Re1 Be5 27.
h4 h5 28. Re2 Bf6 29. Rc7 Rb6 30. b3 Rd8 31. Rg2 Kh7 32. Rd7 Rxd7 33. exd7 e5
34. Rf2 Bxh4 35. Nf3 Bd8 36. Nxe5 Rd6 37. Rf8 Ba5+ 38. Kd3 h4 39. Rb8 h3 40.
Rxb7 Bd8 41. Ng4 g5 42. Kd4 Kg6 43. Ke5 Rf6 44. Kxd5 Rf8 45. Ke4 Kh5 46. Nh2 g4
47. Rb8 g3 0-1

[Event "23. Open de Moratalaz 2010"]
[Site "Madrid ESP"]
[Date "2010.09.17"]
[Round "2.5"]
[White "Gomez Ledo, Roberto Carlos"]
[Black "Fuentes Arjona, Antonio"]
[Result "1-0"]
[WhiteElo "2453"]
[BlackElo "2002"]
[PlyCount "81"]
[EventDate "2010.09.16"]
[EventType "swiss"]
[EventRounds "9"]
[EventCountry "ESP"]
[Source "lmi"]
[SourceDate "2010.09.16"]

1. d4 Nf6 2. c4 d5 3. cxd5 c6 4. dxc6 Nxc6 5. Nf3 e5 6. e3 Bg4 7. Be2 Bb4+ 8.
Bd2 e4 9. Ne5 Bxe2 10. Qxe2 O-O 11. Nxc6 Bxd2+ 12. Nxd2 bxc6 13. O-O Rb8 14. b3
Qe7 15. Rfc1 Rfc8 16. Rc5 Nd7 17. Rc2 Nb6 18. Qg4 Re8 19. Rxc6 Nd5 20. Rac1 g6
21. R1c5 Rbd8 22. a3 f5 23. Qe2 f4 24. exf4 Nxf4 25. Qc4+ Kh8 26. Nf1 Nd3 27.
Rc7 Qf6 28. Rf7 Qxd4 29. Qxd4+ Rxd4 30. Rcc7 g5 31. Rxh7+ Kg8 32. Rhg7+ Kh8 33.
Rh7+ Kg8 34. Rcg7+ Kf8 35. Rxa7 Kg8 36. Rhg7+ Kh8 37. Ne3 Nf4 38. h4 gxh4 39.
Rh7+ Kg8 40. Rag7+ Kf8 41. Nf5 1-0

[Event "23. Open de Moratalaz 2010"]
[Site "Madrid ESP"]
[Date "2010.09.17"]
[Round "2.6"]
[White "Rosenblatt, Marcus"]
[Black "Almagro Llamas, Pablo"]
[Result "0-1"]
[WhiteElo "1953"]
[BlackElo "2451"]
[PlyCount "40"]
[EventDate "2010.09.16"]
[EventType "swiss"]
[EventRounds "9"]
[EventCountry "ESP"]
[Source "lmi"]
[SourceDate "2010.09.16"]

1. e4 c6 2. d4 d5 3. e5 Bf5 4. Nc3 e6 5. g4 Bg6 6. Nge2 Bb4 7. a3 Bxc3+ 8. bxc3
Qa5 9. h4 h5 10. g5 c5 11. Bd2 Qa4 12. Ra2 Nc6 13. Be3 Nge7 14. Nf4 Nf5 15.
Nxg6 fxg6 16. Bh3 Qc4 17. Bxf5 gxf5 18. Ra1 Qxc3+ 19. Kf1 cxd4 20. Bd2 Qc4+ 0-1

[Event "23. Open de Moratalaz 2010"]
[Site "Madrid ESP"]
[Date "2010.09.17"]
[Round "2.7"]
[White "Guerra Mendez, Jose Angel"]
[Black "Fernandez Garcia, Javier"]
[Result "1-0"]
[WhiteElo "2448"]
[BlackElo "1974"]
[PlyCount "89"]
[EventDate "2010.09.16"]
[EventType "swiss"]
[EventRounds "9"]
[EventCountry "ESP"]
[Source "lmi"]
[SourceDate "2010.09.16"]

1. e4 e6 2. d4 d5 3. Nc3 Nf6 4. e5 Nfd7 5. f4 c5 6. Nf3 Nc6 7. Be3 cxd4 8. Nxd4
Bc5 9. Qd2 O-O 10. O-O-O a6 11. Nb3 Bb4 12. a3 Be7 13. Ne2 f6 14. Ned4 Nxd4 15.
Nxd4 Nc5 16. exf6 Bxf6 17. Bd3 Bxd4 18. Bxd4 Nxd3+ 19. Qxd3 Rxf4 20. Kb1 Qe7
21. Qg3 Rf7 22. Rhf1 Bd7 23. Rxf7 Qxf7 24. Rd3 Rf8 25. Bc5 Qf1+ 26. Ka2 Bb5 27.
Bxf8 Qxf8 28. Rf3 Qc8 29. Rc3 Bc6 30. Qe5 h6 31. g4 Qe8 32. Re3 Bd7 33. g5 hxg5
34. Rg3 Bc6 35. Rxg5 Qe7 36. h4 Kh7 37. Rh5+ Kg8 38. b3 Qf6 39. Qb8+ Kf7 40.
Rh8 Qc3 41. Qg8+ Kf6 42. Rh6+ Kf5 43. Qf7+ Ke4 44. Rxe6+ Kd4 45. Qf2+ 1-0

[Event "23. Open de Moratalaz 2010"]
[Site "Madrid ESP"]
[Date "2010.09.17"]
[Round "2.8"]
[White "Fernandez Garcia, Ignacio"]
[Black "Garrido Dominguez, Jesus"]
[Result "0-1"]
[WhiteElo "1952"]
[BlackElo "2410"]
[PlyCount "82"]
[EventDate "2010.09.16"]
[EventType "swiss"]
[EventRounds "9"]
[EventCountry "ESP"]
[Source "lmi"]
[SourceDate "2010.09.16"]

1. e4 d6 2. d4 Nf6 3. Nc3 e5 4. Bg5 Nbd7 5. Nd5 c6 6. Nxf6+ Nxf6 7. Bxf6 Qxf6
8. Nf3 g5 9. dxe5 dxe5 10. Bc4 g4 11. Nd2 h5 12. Qe2 Bc5 13. c3 Bd7 14. O-O-O
O-O-O 15. Rhf1 b5 16. b4 Bb6 17. Bb3 Qe7 18. a4 a6 19. Kc2 Rh6 20. axb5 axb5
21. Ra1 Kb7 22. c4 Qxb4 23. cxb5 Bd4 24. Ra2 Ra8 25. Rxa8 Qc3+ 26. Kd1 Kxa8 27.
Qc4 Qxc4 28. Bxc4 cxb5 29. Bxf7 Bc6 30. f3 Kb7 31. Kc2 Kb6 32. Nb3 gxf3 33.
gxf3 Be3 34. Kd3 Bf4 35. h3 h4 36. Ke2 Bd7 37. Rh1 Rh8 38. Kd3 Rc8 39. Rg1 Bxh3
40. Rh1 Bg2 41. Rxh4 Bf1# 0-1

[Event "23. Open de Moratalaz 2010"]
[Site "Madrid ESP"]
[Date "2010.09.17"]
[Round "2.9"]
[White "Hernando Pertierra, Jose Carlos"]
[Black "Bote Kobolo, Benjamin"]
[Result "1-0"]
[WhiteElo "2386"]
[BlackElo "1969"]
[PlyCount "85"]
[EventDate "2010.09.16"]
[EventType "swiss"]
[EventRounds "9"]
[EventCountry "ESP"]
[Source "lmi"]
[SourceDate "2010.09.16"]

1. Nf3 d6 2. e4 Nf6 3. Nc3 Bg4 4. d4 Nc6 5. d5 Nb8 6. Be2 c5 7. e5 dxe5 8. Nxe5
Bxe2 9. Qxe2 a6 10. O-O g6 11. Rd1 Bg7 12. d6 e6 13. Bg5 Nbd7 14. Nd5 O-O 15.
Nxd7 exd5 16. Nxf8 Qxd6 17. Bxf6 Bxf6 18. Nxh7 Kxh7 19. Qf3 Rd8 20. c4 d4 21.
Rd3 b5 22. b3 Kg7 23. Re1 Rh8 24. g3 bxc4 25. bxc4 Qd7 26. Rb3 Rh5 27. Rb6 Rf5
28. Qc6 Qxc6 29. Rxc6 a5 30. Kg2 d3 31. Rd1 Bd4 32. Rd2 Re5 33. Rxd3 Re2 34.
Rf3 f6 35. Rc7+ Kh6 36. a3 Rc2 37. h4 Rxc4 38. Rf4 Rc3 39. Re4 f5 40. Ree7 Kh5
41. Rc6 f4 42. Kh3 Kh6 43. Rcc7 1-0

[Event "23. Open de Moratalaz 2010"]
[Site "Madrid ESP"]
[Date "2010.09.17"]
[Round "2.10"]
[White "Rubio Mejia, Luis"]
[Black "Tirado Parra , Alberto"]
[Result "1-0"]
[WhiteElo "2372"]
[BlackElo "1951"]
[PlyCount "59"]
[EventDate "2010.09.16"]
[EventType "swiss"]
[EventRounds "9"]
[EventCountry "ESP"]
[Source "lmi"]
[SourceDate "2010.09.16"]

1. d4 d5 2. c4 e6 3. Nc3 Nf6 4. cxd5 exd5 5. Bg5 Be7 6. e3 O-O 7. Bd3 Nbd7 8.
Nge2 b6 9. Ng3 c5 10. Nf5 Bb7 11. O-O Re8 12. Qf3 a6 13. Qg3 Nh5 14. Nxe7+ Qxe7
15. Qh4 Ndf6 16. dxc5 bxc5 17. Bxh7+ Kxh7 18. Bxf6 Qxf6 19. Qxh5+ Kg8 20. Nxd5
Qc6 21. Rad1 Re6 22. f3 Rae8 23. e4 Rh6 24. Qg5 Qd6 25. Qg3 Qc6 26. Rf2 Qa4 27.
b3 Qa5 28. Qc7 Qb5 29. Ne7+ Kh7 30. Nf5 1-0

[Event "23. Open de Moratalaz 2010"]
[Site "Madrid ESP"]
[Date "2010.09.17"]
[Round "2.22"]
[White "Fernandez Garcia, Alberto"]
[Black "Rodriguez Vignote, Javier"]
[Result "1-0"]
[WhiteElo "2189"]
[BlackElo "1910"]
[PlyCount "67"]
[EventDate "2010.09.16"]
[EventType "swiss"]
[EventRounds "9"]
[EventCountry "ESP"]
[Source "lmi"]
[SourceDate "2010.09.16"]

1. e4 e6 2. d4 d5 3. Nc3 Nf6 4. e5 Nfd7 5. f4 c5 6. Nf3 Nc6 7. Be3 cxd4 8. Nxd4
Bc5 9. Qd2 O-O 10. O-O-O a6 11. h4 Nxd4 12. Bxd4 b5 13. g4 b4 14. Ne2 a5 15.
Bg2 Qc7 16. Rhe1 Bb7 17. Kb1 Rfc8 18. Bxc5 Nxc5 19. Nd4 Ne4 20. Bxe4 dxe4 21.
Nb5 Qb6 22. Nd6 Rd8 23. f5 Rd7 24. f6 gxf6 25. exf6 Kh8 26. Qh6 Rg8 27. Nc4
Rxd1+ 28. Rxd1 Qc7 29. Ne5 Bd5 30. Qf4 Rc8 31. Rc1 a4 32. c4 Bb7 33. Rd1 Bc6
34. Ng6+ 1-0

[Event "23. Open de Moratalaz 2010"]
[Site "Madrid ESP"]
[Date "2010.09.18"]
[Round "3.1"]
[White "Moreno Ruiz, Javier"]
[Black "Fernandez Garcia, Alberto"]
[Result "1-0"]
[WhiteElo "2491"]
[BlackElo "2189"]
[PlyCount "97"]
[EventDate "2010.09.16"]
[EventType "swiss"]
[EventRounds "9"]
[EventCountry "ESP"]
[Source "lmi"]
[SourceDate "2010.09.16"]

1. d4 e6 2. c4 Nf6 3. Nc3 d5 4. cxd5 exd5 5. Bg5 Be7 6. e3 O-O 7. Bd3 Nbd7 8.
Nge2 c5 9. O-O b6 10. Rc1 Bb7 11. Bf5 h6 12. Bf4 a6 13. Ng3 Re8 14. Bb1 b5 15.
a3 Qb6 16. Nf5 Bf8 17. Qf3 Ne4 18. Nxe4 dxe4 19. Qg3 Qg6 20. dxc5 Nxc5 21. Qxg6
fxg6 22. Nd6 Bxd6 23. Bxd6 Nd3 24. Ba2+ Kh7 25. Rc7 Bc8 26. Be7 Rb8 27. Bf7 Rh8
28. Bd5 Rb6 29. Bxe4 Bf5 30. Bb7 Rb8 31. Bd5 Be6 32. Bxe6 Rxe6 33. Rd1 Nxb2 34.
Rdd7 Rg8 35. Bf8 Nc4 36. Bxg7 g5 37. g4 Kg6 38. Bd4 h5 39. gxh5+ Kxh5 40. a4
Nd2 41. axb5 Nf3+ 42. Kg2 Nxd4 43. Rxd4 axb5 44. Rb7 Rc8 45. Rxb5 Rc2 46. Kg3
Re2 47. Rdd5 Rf6 48. Rxg5+ Kh6 49. Rbf5 1-0

[Event "23. Open de Moratalaz 2010"]
[Site "Madrid ESP"]
[Date "2010.09.18"]
[Round "3.2"]
[White "Suarez Uriel, Adrian"]
[Black "Roa Alonso, Santiago"]
[Result "0-1"]
[WhiteElo "2454"]
[BlackElo "2180"]
[PlyCount "58"]
[EventDate "2010.09.16"]
[EventType "swiss"]
[EventRounds "9"]
[EventCountry "ESP"]
[Source "lmi"]
[SourceDate "2010.09.16"]

1. e4 d6 2. d4 Nf6 3. Bd3 g6 4. h3 Bg7 5. Nf3 O-O 6. Bf4 Nc6 7. c3 Nh5 8. Bg5
h6 9. g4 Nf6 10. Be3 e5 11. d5 Ne7 12. Qd2 Nexd5 13. exd5 e4 14. O-O exf3 15.
Bxh6 Nxg4 16. Bg5 Qd7 17. Re1 Ne5 18. Bf1 Qf5 19. Qf4 Nd3 20. Qxf5 Bxf5 21.
Bxd3 Bxd3 22. Nd2 Be2 23. Bf4 Rae8 24. Kh2 Be5 25. Kg3 Bxf4+ 26. Kxf4 Re5 27.
Kg3 Rg5+ 28. Kf4 Rxd5 29. Ne4 Kg7 0-1

[Event "23. Open de Moratalaz 2010"]
[Site "Madrid ESP"]
[Date "2010.09.18"]
[Round "3.3"]
[White "Arribas Lopez, Angel"]
[Black "Sanchez-Alarcos Galian, Victor"]
[Result "1-0"]
[WhiteElo "2454"]
[BlackElo "2178"]
[PlyCount "123"]
[EventDate "2010.09.16"]
[EventType "swiss"]
[EventRounds "9"]
[EventCountry "ESP"]
[Source "lmi"]
[SourceDate "2010.09.16"]

1. c4 c6 2. Nf3 d5 3. d4 Nf6 4. e3 g6 5. Nc3 Bg7 6. Bd3 O-O 7. O-O Be6 8. Ng5
Bf5 9. Bxf5 gxf5 10. Qb3 Qb6 11. Qxb6 axb6 12. cxd5 Nxd5 13. Nxd5 cxd5 14. Bd2
Nc6 15. Rfc1 Rfc8 16. Kf1 e6 17. Nh3 Bf8 18. Ke2 Bd6 19. g3 b5 20. f3 Ra4 21.
a3 Rca8 22. Rab1 b4 23. axb4 Bxb4 24. Bxb4 Rxb4 25. Nf4 Ra2 26. Nd3 Rb3 27. Rc2
Ra7 28. g4 fxg4 29. fxg4 Ra8 30. Kd2 Na5 31. Nc5 Rb5 32. Kc1 Rc8 33. b3 b6 34.
Nd7 Rd8 35. Nf6+ Kg7 36. Nh5+ Kf8 37. Rc3 Ra8 38. Kc2 Nb7 39. Rc6 Ra2+ 40. Kc3
Na5 41. Rc8+ Ke7 42. Rc7+ Kd6 43. Rxf7 Ra3 44. Nf6 Rbxb3+ 45. Rxb3 Rxb3+ 46.
Kc2 h6 47. Ne8+ Kc6 48. Rh7 Rxe3 49. Rxh6 b5 50. Ng7 Kd7 51. Rh7 Kd6 52. Ne8+
Kc6 53. Re7 b4 54. Ng7 b3+ 55. Kb1 Kd6 56. Nf5+ exf5 57. Rxe3 Nc4 58. Rxb3 fxg4
59. Rg3 Nd2+ 60. Kc1 Nf3 61. Rxg4 Nxh2 62. Rf4 1-0